Pokémon di tipo Psico - Statistics

Statistiche generali
  • Questo quiz è stato fatto 14 volte
  • Il punteggio medio è 78 su 138
Statistiche sulle risposte
Numero Pokédex Nazionale Tipo Tipo Pokémon % Corretto
150 Psico Lotta MegaMewtwo X
91%
150 Psico Psico MegaMewtwo Y
91%
151 Psico Psico Mew
91%
150 Psico Psico Mewtwo
91%
63 Psico Psico Abra
82%
65 Psico Psico Alakazam
82%
374 Acciaio Psico Beldum
82%
96 Psico Psico Drowzee
82%
97 Psico Psico Hypno
82%
385 Acciaio Psico Jirachi
82%
64 Psico Psico Kadabra
82%
380 Drago Psico Latias
82%
381 Drago Psico Latios
82%
249 Psico Volante Lugia
82%
308 Lotta Psico Medicham
82%
307 Lotta Psico Meditite
82%
65 Psico Psico MegaAlakazam
82%
380 Drago Psico MegaLatias
82%
381 Drago Psico MegaLatios
82%
308 Lotta Psico MegaMedicham
82%
376 Acciaio Psico MegaMetagross
82%
80 Acqua Psico MegaSlowbro
82%
376 Acciaio Psico Metagross
82%
375 Acciaio Psico Metang
82%
122 Psico Folletto Mr. Mime
82%
122 Ghiaccio Psico Mr. Mime (Forma di Galar)
82%
26 Elettro Psico Raichu (Forma di Alola)
82%
80 Acqua Psico Slowbro
82%
80 Veleno Psico Slowbro (Forma di Galar)
82%
79 Acqua Psico Slowpoke
82%
79 Psico Psico Slowpoke (Forma di Galar)
82%
493 Psico Psico Arceus (Psico)
73%
343 Terra Psico Baltoy
73%
251 Psico Erba Celebi
73%
344 Terra Psico Claydol
73%
488 Psico Psico Cresselia
73%
386 Psico Psico Deoxys (Forma Attacco)
73%
386 Psico Psico Deoxys (Forma Difesa)
73%
386 Psico Psico Deoxys (Forma Normale)
73%
386 Psico Psico Deoxys (Forma Velocità)
73%
102 Erba Psico Exeggcute
73%
103 Erba Psico Exeggutor
73%
475 Psico Lotta Gallade
73%
282 Psico Folletto Gardevoir
73%
203 Normale Psico Girafarig
73%
574 Psico Psico Gothita
73%
576 Psico Psico Gothitelle
73%
124 Ghiaccio Psico Jynx
73%
281 Psico Folletto Kirlia
73%
475 Psico Lotta MegaGallade
73%
282 Psico Folletto MegaGardevoir
73%
280 Psico Folletto Ralts
73%
199 Acqua Psico Slowking
73%
199 Veleno Psico Slowking (Forma di Galar)
73%
201 Psico Psico Unown
73%
144 Psico Volante Articuno (Forma di Galar)
64%
482 Psico Psico Azelf
64%
437 Acciaio Psico Bronzong
64%
436 Acciaio Psico Bronzor
64%
358 Psico Psico Chimecho
64%
433 Psico Psico Chingling
64%
655 Fuoco Psico Delphox
64%
575 Psico Psico Gothorita
64%
792 Psico Spettro Lunala
64%
337 Roccia Psico Lunatone
64%
481 Psico Psico Mesprit
64%
439 Psico Folletto Mime Jr.
64%
517 Psico Psico Munna
64%
518 Psico Psico Musharna
64%
177 Psico Volante Natu
64%
77 Psico Psico Ponyta (Forma di Galar)
64%
78 Psico Folletto Rapidash (Forma di Galar)
64%
238 Ghiaccio Psico Smoochum
64%
791 Psico Acciaio Solgaleo
64%
338 Roccia Psico Solrock
64%
480 Psico Psico Uxie
64%
494 Psico Fuoco Victini
64%
178 Psico Volante Xatu
64%
648 Normale Psico Meloetta (Forma Canto)
55%
579 Psico Psico Reuniclus
55%
561 Psico Volante Sigilyph
55%
577 Psico Psico Solosis
55%
606 Psico Psico Beheeyem
45%
555 Fuoco Psico Darmanitan (Stato Zen)
45%
578 Psico Psico Duosion
45%
605 Psico Psico Elgyem
45%
677 Psico Psico Espurr
45%
326 Psico Psico Grumpig
45%
720 Psico Buio Hoopa (Libero)
45%
720 Psico Spettro Hoopa (Vincolato)
45%
686 Buio Psico Inkay
45%
687 Buio Psico Malamar
45%
678 Psico Psico Meowstic (Femmina)
45%
678 Psico Psico Meowstic (Maschio)
45%
866 Ghiaccio Psico Mr. Rime
45%
773 Psico Psico Silvally (Forma Psico)
45%
325 Psico Psico Spoink
45%
121 Acqua Psico Starmie
45%
628 Psico Volante Braviary (Forma di Hisui)
36%
196 Psico Psico Espeon
36%
800 Psico Psico Necrozma
36%
800 Psico Spettro Necrozma (Necrozma Ali dell’Aurora)
36%
800 Psico Acciaio Necrozma (Necrozma Criniera del Vespro)
36%
800 Psico Drago Necrozma (UltraNecrozma)
36%
779 Acqua Psico Bruxish
27%
898 Psico Erba Calyrex
27%
898 Psico Ghiaccio Calyrex (Cavaliere Glaciale)
27%
898 Psico Spettro Calyrex (Cavaliere Spettrale)
27%
985 Folletto Psico Codaurlante
27%
790 Psico Psico Cosmoem
27%
789 Psico Psico Cosmog
27%
825 Coleottero Psico Dottler
27%
981 Normale Psico Farigiraf
27%
856 Psico Psico Hatenna
27%
858 Psico Folletto Hatterene
27%
858 Psico Folletto Hatterene Gigamax
27%
857 Psico Psico Hattrem
27%
876 Psico Normale Indeedee (Femmina)
27%
876 Psico Normale Indeedee (Maschio)
27%
1015 Veleno Psico Munkidori
27%
765 Normale Psico Oranguru
27%
826 Coleottero Psico Orbeetle
27%
826 Coleottero Psico Orbeetle Gigamax
27%
741 Psico Volante Oricorio (Stile Hula)
27%
954 Coleottero Psico Rabsca
27%
528 Psico Volante Swoobat
27%
786 Psico Folletto Tapu Lele
27%
202 Psico Psico Wobbuffet
27%
527 Psico Volante Woobat
27%
360 Psico Psico Wynaut
27%
899 Normale Psico Wyrdeer
27%
1023 Acciaio Psico Capoferreo
18%
1010 Erba Psico Fogliaferrea
18%
1022 Roccia Psico Massoferreo
18%
936 Fuoco Psico Armarouge
9%
956 Psico Psico Espathra
9%
955 Psico Psico Flittle
9%
976 Acqua Psico Veluza
9%
Nessun quiz corrispondente trovato
Distribuzione punteggi
Percentuale di utenti per punteggio
Percentile per numero di risposta
I tuoi punteggi nel tempo
Non hai fatto questo quiz